| 000 | 00369nam a2200145Ia 4500 | ||
|---|---|---|---|
| 008 | 230312s9999||||xx |||||||||||||| ||und|| | ||
| 082 |
_a657.48 _bISH |
||
| 100 | _aIshfaq Ahmad | ||
| 245 | 0 | _aFinancial Accounting | |
| 260 |
_bThe Professional Academy of commerce _aLahore _c1998 |
||
| 300 | _a45 | ||
| 546 | _aEng. | ||
| 650 |
_aAccounting _vFinal Accounts |
||
| 942 | _cBK | ||
| 999 |
_c1078 _d1078 |
||